La prosperidad : (Registro nro. 13413)

Detalles MARC
000 -LIDER
fixed length control field 00945nam a22002777a 4500
003 - IDENTIFICACDOR DE NÚMERO DE CONTROL
control field DO-SdBNP
005 - DATE AND TIME OF LATEST TRANSACTION
control field 20210824101752.0
008 - ELEMENTOS DE LONGITUD FIJA
fixed length control field 210409b2014 dr ||| 00| 0 spa d
020 ## - ISBN
International Standard Book Number 9789945166194
040 ## - FUENTE DE CATALOGACIÓN
Agencia que crea de manera original el registro BPMSU
Idioma de catalogación Spa
Agencia que realiza la transcripción BPMSU
082 ## - NÚMERO DE CLASIFICACIÓN DECIMAL DE DEWEY
Classification number 302.54
Item number M296p 2014
Edition number 22
100 1# - ASIENTO PRINCIPAL -- NOMBRE PERSONAL
Nombre personal Mañón, Melvin
245 13 - MENCIÓN DE TITULO
Título La prosperidad :
Subtítulo la bancarrota del pensamientos racional /
Mención de responsabilidad Melvin Mañón ; prólogo César Mella Mejías.
260 ## - PUBLICACIÓN, DISTRIBUCIÓN, ETC. (PIE DE IMPRENTA)
Lugar de publicación, distribución, etc Santo Domingo :
Nombre del editor, distribuidor, etc. Búho,
Fecha de publicación, distribución, etc 2014.
300 ## - DESCRIPCIÓN FÍSICA
Extensión 187 p. :
Otros detalles físicos il. ;
Dimensiones 22 cm
500 ## - NOTA GENERAL
Nota general incluye datos biográficos del autor en la solapa de la cubierta
590 ## - NOTA LOCAL
Texto de la nota local Inventario, 2021/MC
650 #4 - ENCABEZAMIENTO DE MATERIA--TEMÁTICO
Término temático o nombre geográfico como elemento de entrada Problemas sociales
Subdivisión geográfica República Dominicana
Materiales especificados
Campo enlazado y núm. de secuencia
Lugar del evento
650 #4 - ENCABEZAMIENTO DE MATERIA--TEMÁTICO
Término temático o nombre geográfico como elemento de entrada Silogismo
650 #4 - ENCABEZAMIENTO DE MATERIA--TEMÁTICO
Término temático o nombre geográfico como elemento de entrada Sociología de la educación.
650 #4 - ENCABEZAMIENTO DE MATERIA--TEMÁTICO
Término temático o nombre geográfico como elemento de entrada Educación y sociedad.
650 #4 - ENCABEZAMIENTO DE MATERIA--TEMÁTICO
Término temático o nombre geográfico como elemento de entrada Corrupción política.
700 1# - ASIENTO SECUNDARIO -- NOMBRE PERSONAL
Nombre personal Mella Mejías, César
Mención de responsabilidad pról,
910 ## - VALIDACIÓN
Validación Mcabrera VMateo V.
942 ## - ADDED ENTRY ELEMENTS (KOHA)
Source of classification or shelving scheme Dewey Decimal Classification
Koha item type Libros
Existencias
Withdrawn status Lost status Source of classification or shelving scheme Damaged status Not for loan Collection code Home library Current library Date acquired Source of acquisition Full call number Barcode Date last seen Price effective from Koha item type
    Dewey Decimal Classification     Colección Dominicana Biblioteca Pública Metropolitana Salomé Ureña Biblioteca Pública Metropolitana Salomé Ureña 04/09/2021 Compra BPMSU CD 302.54 M296p 2014 BPMSU21040004 04/09/2021 04/09/2021 Libros